[Event "Weiz op 16th"]
[Site "Weiz"]
[Date "2017.06.17"]
[Round "4.11"]
[White "Elbl, Dietmar"]
[Black "Amtmann, Franz"]
[Result "0-1"]
[WhiteElo "1741"]
[BlackElo "1768"]
[PlyCount "110"]
[EventDate "2017.06.15"]
[EventType "swiss"]
[EventRounds "5"]
[EventCountry "AUT"]
[SourceTitle "EXT 2024"]
[Source "ChessBase"]
[SourceDate "2023.10.10"]
[SourceVersion "1"]
[SourceVersionDate "2023.10.10"]
[SourceQuality "1"]

1. Nf3 g6 2. d4 Bg7 3. Bf4 Nf6 4. e3 d6 5. Be2 Nc6 6. c3 0-0 7. Nbd2 Bd7 8. Qc2 Qc8 9. h3 Nd5 10. Bg5 Re8 11. e4 Nf6 12. d5 Nd8 13. Nd4 c5 14. Nb5 a6 15. Na3 b5 16. Rc1 e6 17. dxe6 Nxe6 18. Be3 Bc6 19. c4 b4 20. Nab1 Qb7 21. f3 Nh5 22. Kf2 Nd4 23. Qd1 Nxe2 24. Qxe2 Bxb2 25. Rc2 Bd4 26. Nf1 Qe7 27. h4 Bf6 28. g3 Ng7 29. Qd2 Red8 30. Bg5 Ne6 31. Be3 Nd4 32. Bxd4 Bxd4+ 33. Kg2 a5 34. Qd3 a4 35. Ne3 Bxe3 36. Qxe3 f5 37. Re2 fxe4 38. fxe4 Qe5 39. Rhe1 Rf8 40. Nd2 Rae8 41. Kh2 Qe6 42. e5 Bd7 43. Kg1 Qg4 44. Qg5 Qd4+ 45. Kh2 Rf2+ 46. Kh1 Rxe2 47. Rxe2 Bc6+ 48. Kh2 dxe5 49. h5 Rf8 50. Qxe5 Qxe5 51. Rxe5 Rf2+ 52. Kh3 Rxd2 53. h6 Bd7+ 54. Kh4 Rh2+ 55. Kg5 Rh5+ 0-1